|
|
|
|
| LEADER |
00000cam a2200000 7i4500 |
| 001 |
0000043630 |
| 005 |
20141201.0 |
| 008 |
141201 |
| 020 |
|
|
|a 9673082834
|
| 090 |
0 |
0 |
|a 297.577
|b ABD
|
| 100 |
0 |
|
|a Abdullah M. Abdul Mu'thi
|
| 245 |
1 |
0 |
|a Menjadi ayah yang berjaya
|c Abdullah M. Abdul Mu'thi
|
| 260 |
|
|
|a JB :
|b Perniagaan Jahabersa ,
|c 2012
|
| 650 |
|
0 |
|a Child rearing religious aspects Islam
|
| 650 |
|
0 |
|a Father and child religious aspects Islam
|
| 650 |
|
0 |
|a Parenting religious aspects Islam
|
| 999 |
|
|
|a 0001298579
|b Book
|c Adult Collection
|e Cawangan Bandar Tenggara
|
| 999 |
|
|
|a 0001298581
|b Book
|c Adult Collection
|e Cawangan Pontian
|
| 999 |
|
|
|a 0001298582
|b Book
|c Adult Collection
|e Cawangan Tmn. Ungku Tun Aminah
|
| 999 |
|
|
|a 0001298585
|b Book
|c Adult Collection
|e Cawangan Mersing
|
| 999 |
|
|
|a 0001298590
|b Book
|c Adult Collection
|e Cawangan Muar
|
| 999 |
|
|
|a 0001300873
|b Book
|c Adult Collection
|e Perbadanan Perpustakaan Awam Johor
|
| 999 |
|
|
|a 0001300874
|b Book
|c Adult Collection
|e Perbadanan Perpustakaan Awam Johor
|
| 999 |
|
|
|a 0001301002
|b Book
|c Adult Collection
|e Cawangan Urban Transformation Centre
|
| 999 |
|
|
|a 0001301003
|b Book
|c Adult Collection
|e Cawangan AEON Kulaijaya
|